| 000 | 00465nam a22001577a 4500 | ||
|---|---|---|---|
| 999 |
_c41041 _d41041 |
||
| 003 | OSt | ||
| 005 | 20210301160417.0 | ||
| 008 | 210301b ||||| |||| 00| 0 eng d | ||
| 020 | _a9789339220846 | ||
| 040 | _coclc | ||
| 082 |
_a915.4 _bHUS/G |
||
| 100 | 1 |
_9884 _aHusain, Majid, _d1938- |
|
| 245 |
_aGeography Of India / _cMajid Husain |
||
| 260 |
_aNew Delhi: _bMcGraw Hill Education, _c2015. |
||
| 942 |
_2ddc _cBK _h915.4 _iHUS/G _k915.4 _mHUS/G |
||